000 00536cas a22002055a 4500
001 L291
008 070618c1993 xxkmr p 0 a0eng
022 0 _a1352-903X
035 _a(Sirsi) u98920
041 0 _aeng
245 0 0 _aEuropean Business Monitor
260 _aCroydon
_bTolley Publishing Company
_c1993-
362 0 _a5(7) April 1993-7(2) November 1994
554 _a12 per year
651 4 _aEurope
690 _aMANAGEMENT-BUSINESS MANAGEMENT
780 0 0 _tSingle Market Monitor
942 _n0
948 _c09/09/1994
999 _c118582
_d118582